[Event "ODEM U25B 2013"]
[Site "Oberhof GER"]
[Date "2013.05.21"]
[Round "4"]
[White "Arnold, Leander"]
[Black "Schilay, Lorenz"]
[Result "1/2-1/2"]
[Termination "normal"]
[Board "1"]
[WhiteElo "1435"]
[BlackElo "1543"]
[PlyCount "60"]
[WhiteFideId "12990230"]
[BlackFideId "12930180"]
[EventCountry "GER"]
[EventRounds "9"]
[EventType "swiss"]
[EventDate "2013.05.18"]

1. e4 e5 2. Nf3 Nc6 3. Bc4 Nf6 4. d3 Be7 5. c3 d6 6. Nbd2 Be6 7. Bb5 a6 8. Ba4
b5 9. Bc2 d5 10. O-O dxe4 11. dxe4 O-O 12. Qe2 Qd6 13. Rd1 Qc5 14. Bb3 Bg4 15.
h3 Bh5 16. Nf1 Qb6 17. Ng3 Bg6 18. Nh4 Bc5 19. Rf1 Na5 20. Bc2 Nc4 21. b3 Nd6
22. b4 Bxb4 23. cxb4 Qd4 24. Nxg6 Qxa1 25. Nxf8 Qxa2 26. Nxh7 Kxh7 27. Bg5 Qc4
28. Bxf6 Qxe2 29. Nxe2 gxf6 30. f3 a5 1/2-1/2

[Event "ODEM U25B 2013"]
[Site "Oberhof GER"]
[Date "2013.05.21"]
[Round "4"]
[White "Dittrich, Tom"]
[Black "Reyher, Susan"]
[Result "1-0"]
[Termination "normal"]
[Board "2"]
[WhiteElo "1648"]
[BlackElo "1382"]
[PlyCount "87"]
[WhiteFideId "12923532"]
[BlackFideId "24686107"]
[EventCountry "GER"]
[EventRounds "9"]
[EventType "swiss"]
[EventDate "2013.05.18"]

1. e4 e5 2. Nf3 Nc6 3. Bc4 Bc5 4. c3 Nf6 5. d3 d6 6. Bb3 Bg4 7. h3 Bh5 8. Nbd2
Qd7 9. Nf1 O-O-O 10. Ng3 Bg6 11. O-O d5 12. Qe2 dxe4 13. dxe4 Qd3 14. Qxd3 Rxd3
15. Bc2 Rd6 16. b4 Bb6 17. b5 Ne7 18. Nxe5 Re6 19. Nxg6 Nxg6 20. Kh1 Re5 21. a4
Ba5 22. Bb2 Rc5 23. Ne2 Re8 24. f3 Nd5 25. Ba3 Nb4 26. Bb3 Rg5 27. cxb4 Bb6 28.
Bxf7 Rf8 29. Bxg6 Rxg6 30. Bc1 a6 31. bxa6 bxa6 32. Bf4 Rf7 33. Rac1 Re6 34.
Rfd1 Ba7 35. b5 axb5 36. axb5 Bb6 37. Rc6 Ree7 38. Rdc1 Kb7 39. Bh2 Rd7 40. Bg1
Bxg1 41. Kxg1 Rd2 42. Nc3 Rfd7 43. Nd5 Rb2 44. Rxc7+ 1-0

[Event "ODEM U25B 2013"]
[Site "Oberhof GER"]
[Date "2013.05.21"]
[Round "4"]
[White "Dathe, Frederick"]
[Black "Sherif, Malik"]
[Result "0-1"]
[Termination "normal"]
[Board "3"]
[WhiteElo "1233"]
[BlackElo "1440"]
[PlyCount "86"]
[WhiteFideId "12963070"]
[BlackFideId "12911755"]
[EventCountry "GER"]
[EventRounds "9"]
[EventType "swiss"]
[EventDate "2013.05.18"]

1. d4 Nf6 2. c4 c5 3. Nf3 g6 4. Bg5 Bg7 5. Nc3 Qb6 6. Bxf6 Bxf6 7. Nd5 Qa5+ 8.
Qd2 Qxd2+ 9. Nxd2 Kd8 10. Nxf6 exf6 11. dxc5 Na6 12. Ne4 f5 13. Nd6 Rf8 14. e3
Nxc5 15. f3 Ne6 16. Be2 Ke7 17. Rd1 Rb8 18. b4 b6 19. O-O Bb7 20. Rd2 a5 21. a3
axb4 22. axb4 Ng7 23. Rfd1 Rfd8 24. c5 bxc5 25. bxc5 Bc6 26. Bc4 f6 27. Nf7
Rdc8 28. Nd6 Rc7 29. Bd5 Bxd5 30. Rxd5 Ne6 31. Rc1 Rc6 32. e4 f4 33. Kf1 Nxc5
34. Rdxc5 Kxd6 35. Rxc6+ dxc6 36. Ke1 Rb2 37. Kf1 c5 38. Kg1 Kc6 39. g3 fxg3
40. hxg3 Kb5 41. Rd1 c4 42. Rd7 c3 43. Rc7 c2 0-1

[Event "ODEM U25B 2013"]
[Site "Oberhof GER"]
[Date "2013.05.21"]
[Round "4"]
[White "Preißler, Niklas"]
[Black "Thumm, Niklas"]
[Result "1-0"]
[Termination "normal"]
[Board "4"]
[WhiteElo "1746"]
[BlackElo "1330"]
[PlyCount "59"]
[WhiteFideId "12927554"]
[BlackFideId "12918733"]
[EventCountry "GER"]
[EventRounds "9"]
[EventType "swiss"]
[EventDate "2013.05.18"]

1. d4 Nf6 2. Bg5 Ne4 3. Bf4 c5 4. e3 Nc6 5. Bd3 Nf6 6. c3 e6 7. Nf3 d5 8. Nbd2
Bd6 9. Bg3 Qc7 10. dxc5 Bxg3 11. hxg3 a5 12. Nd4 Ne5 13. Bb5+ Bd7 14. Bxd7+
Nfxd7 15. N2f3 Qxc5 16. Nxe5 Nxe5 17. Qc2 h6 18. e4 Rd8 19. exd5 Rxd5 20. Rd1
Ng4 21. O-O Rh5 22. Nxe6 fxe6 23. Qg6+ Ke7 24. Qxg7+ Ke8 25. Qxh8+ Kf7 26. Rd7+
Kg6 27. Qg7+ Kf5 28. Rf7+ Ke4 29. Qxg4+ Kd3 30. Rd1+ 1-0

[Event "ODEM U25B 2013"]
[Site "Oberhof GER"]
[Date "2013.05.21"]
[Round "4"]
[White "Usczeck, Alina"]
[Black "Gose, Paul-Lukas"]
[Result "1-0"]
[Termination "normal"]
[Board "5"]
[WhiteElo "1380"]
[BlackElo "1475"]
[PlyCount "105"]
[WhiteFideId "12938114"]
[BlackFideId "34688994"]
[EventCountry "GER"]
[EventRounds "9"]
[EventType "swiss"]
[EventDate "2013.05.18"]

1. e4 c5 2. d3 e6 3. Nd2 Nc6 4. Ngf3 Qc7 5. g3 Nf6 6. Bg2 Be7 7. O-O O-O 8. Re1
d6 9. Kh1 b5 10. Ng1 Bb7 11. f4 Rfe8 12. g4 Rad8 13. g5 Nd7 14. h4 f6 15. Ngf3
Nd4 16. Rg1 f5 17. Bh3 Nxf3 18. Nxf3 Rf8 19. Kh2 Rde8 20. h5 Bd8 21. exf5 exf5
22. Nh4 Nb6 23. Nxf5 Nd5 24. Rf1 Bc8 25. Ng3 Bxh3 26. Kxh3 Ne3 27. Bxe3 Rxe3
28. Qd2 Rfe8 29. Rae1 Qd7+ 30. Kg2 Rxe1 31. Rxe1 Rxe1 32. Qxe1 Qe7 33. Qxe7
Bxe7 34. Kf3 d5 35. Kg4 g6 36. f5 Kf7 37. hxg6+ hxg6 38. f6 Bd6 39. Ne2 b4 40.
Nf4 d4 41. Kf3 Bc7 42. Ke4 Bd6 43. Nd5 Ke6 44. Nf4+ Kf7 45. Ng2 Ke6 46. Nh4 Kf7
47. Kd5 Bf4 48. Nf3 Bc1 49. b3 Bxg5 50. Nxg5+ Kxf6 51. Ne4+ Kf5 52. Kxc5 g5 53.
Nxg5 1-0

[Event "ODEM U25B 2013"]
[Site "Oberhof GER"]
[Date "2013.05.21"]
[Round "4"]
[White "Reimann, Matthias"]
[Black "Hausdorf, Lars"]
[Result "1-0"]
[Termination "normal"]
[Board "6"]
[WhiteElo "1626"]
[BlackElo "1348"]
[PlyCount "83"]
[WhiteFideId "12928046"]
[BlackFideId "16200390"]
[EventCountry "GER"]
[EventRounds "9"]
[EventType "swiss"]
[EventDate "2013.05.18"]

1. c4 c5 2. Nc3 Nc6 3. Nf3 Nf6 4. g3 g6 5. Bg2 Bg7 6. O-O O-O 7. e3 e6 8. d4
cxd4 9. exd4 d5 10. Ne5 Ne7 11. c5 Nc6 12. f4 a6 13. Be3 Bd7 14. Na4 Nxe5 15.
fxe5 Bxa4 16. Qxa4 Nd7 17. Rac1 Rc8 18. b4 f6 19. Bh3 Qe7 20. exf6 Nxf6 21. Bf4
Ne4 22. Qd1 Qe8 23. Bg2 Nf6 24. Re1 Qd7 25. Qd3 Rfe8 26. Ra1 Qa4 27. a3 Rcd8
28. Rab1 Nd7 29. Bh3 Qc6 30. Bg5 Ra8 31. Bf4 Nf6 32. Be5 Rad8 33. Re2 Qd7 34.
Rbe1 Rc8 35. Bxf6 Bxf6 36. Bxe6+ Rxe6 37. Rxe6 Bg7 38. Qe3 Rf8 39. Re8 Qg4 40.
Rxf8+ Bxf8 41. Qe6+ Qxe6 42. Rxe6 1-0

[Event "ODEM U25B 2013"]
[Site "Oberhof GER"]
[Date "2013.05.21"]
[Round "4"]
[White "Hinrichs, Niklas"]
[Black "Fischer, Elias"]
[Result "1-0"]
[Termination "normal"]
[Board "7"]
[WhiteElo "1373"]
[BlackElo "1452"]
[PlyCount "57"]
[WhiteFideId "12942499"]
[BlackFideId "12963305"]
[EventCountry "GER"]
[EventRounds "9"]
[EventType "swiss"]
[EventDate "2013.05.18"]

1. d4 Nf6 2. c4 g6 3. Nc3 Bg7 4. Bf4 d6 5. Nf3 O-O 6. e3 Nbd7 7. Bd3 c5 8. O-O
a6 9. Qe2 Qc7 10. h3 Nh5 11. Bh2 f5 12. Nd5 Qd8 13. Ng5 Nb6 14. dxc5 Nxd5 15.
cxd5 dxc5 16. Rac1 e5 17. Ne6 Bxe6 18. dxe6 Qe7 19. Qc2 Rfd8 20. Rfd1 Rac8 21.
Bc4 b5 22. Rd7 Bf6 23. Rxe7 Bxe7 24. Be2 Rd6 25. Bxh5 gxh5 26. Qxf5 Rcd8 27.
Qf7+ Kh8 28. Bxe5+ Bf6 29. Bxf6# 1-0

[Event "ODEM U25B 2013"]
[Site "Oberhof GER"]
[Date "2013.05.21"]
[Round "4"]
[White "Silber, Kevin"]
[Black "Schmidt, Alexandra"]
[Result "1/2-1/2"]
[Termination "normal"]
[Board "8"]
[WhiteElo "1542"]
[BlackElo "1512"]
[PlyCount "52"]
[WhiteFideId "12930440"]
[BlackFideId "12946036"]
[EventCountry "GER"]
[EventRounds "9"]
[EventType "swiss"]
[EventDate "2013.05.18"]

1. e4 e6 2. d4 d5 3. e5 c5 4. c3 Nc6 5. Nf3 Qb6 6. a3 c4 7. Be2 Nge7 8. O-O Ng6
9. Qc2 Be7 10. Be3 O-O 11. Nbd2 Qc7 12. Rfd1 f6 13. exf6 Bxf6 14. Nf1 Nce7 15.
Qc1 e5 16. dxe5 Nxe5 17. Bf4 Nxf3+ 18. Bxf3 Be5 19. Bg5 Rf5 20. Bxe7 Qxe7 21.
Bxd5+ Be6 22. Bxb7 Qxb7 23. Qe3 Qb6 24. Qe2 Rc8 25. Ne3 Rg5 26. h4 Rg6 1/2-1/2

[Event "ODEM U25B 2013"]
[Site "Oberhof GER"]
[Date "2013.05.21"]
[Round "4"]
[White "Pixa, Ulrich"]
[Black "Wolff, Marie Antoinette"]
[Result "1-0"]
[Termination "normal"]
[Board "9"]
[WhiteElo "1518"]
[BlackElo "1280"]
[PlyCount "99"]
[WhiteFideId "4697723"]
[BlackFideId "12908258"]
[EventCountry "GER"]
[EventRounds "9"]
[EventType "swiss"]
[EventDate "2013.05.18"]

1. e4 c5 2. Nf3 d6 3. d4 cxd4 4. Nxd4 Nf6 5. Nc3 g6 6. f3 Bg7 7. Bb5+ Bd7 8.
Bxd7+ Nfxd7 9. Nce2 O-O 10. c3 Nc6 11. Be3 Re8 12. Qd2 Rc8 13. O-O Nde5 14. b3
a5 15. Rac1 Qd7 16. Nf4 Nxd4 17. cxd4 Rxc1 18. Rxc1 Nc6 19. d5 Nb4 20. a3 Na6
21. Qxa5 Rc8 22. Rxc8+ Qxc8 23. Qd2 Qd7 24. Kf2 Nc5 25. Qc2 e6 26. dxe6 Nxe6
27. Ne2 h6 28. Qd2 g5 29. Nd4 Nf4 30. Nf5 Qe6 31. Qxd6 Qxb3 32. Bxf4 gxf4 33.
Qxf4 Qb2+ 34. Kf1 Qb1+ 35. Ke2 Qb2+ 36. Qd2 Qb5+ 37. Kf2 Qc5+ 38. Kg3 Be5+ 39.
f4 Qxa3+ 40. Kg4 Bc7 41. Nxh6+ Kf8 42. Qd7 Qe7 43. Qxe7+ Kxe7 44. Nf5+ Kd7 45.
h4 b5 46. h5 Ke8 47. h6 b4 48. h7 Kd7 49. h8=Q b3 50. Qc3 1-0

[Event "ODEM U25B 2013"]
[Site "Oberhof GER"]
[Date "2013.05.21"]
[Round "4"]
[White "Hesse, Henrik"]
[Black "Klinkhammer, Christopher"]
[Result "1/2-1/2"]
[Termination "normal"]
[Board "10"]
[WhiteElo "1701"]
[BlackElo "1279"]
[PlyCount "91"]
[WhiteFideId "12952060"]
[BlackFideId "12925020"]
[EventCountry "GER"]
[EventRounds "9"]
[EventType "swiss"]
[EventDate "2013.05.18"]

1. c4 c5 2. Nf3 Nf6 3. Nc3 Nc6 4. d3 g6 5. g3 Bg7 6. Bg2 d5 7. O-O O-O 8. Bg5
Be6 9. Nd2 dxc4 10. Nxc4 Nd5 11. Nxd5 Bxd5 12. e4 Bxc4 13. dxc4 Qd4 14. Qxd4
cxd4 15. Rad1 e5 16. Bd2 h6 17. b4 a6 18. a3 Rfc8 19. Bh3 Rc7 20. Rc1 Rb8 21.
b5 Nd8 22. Bb4 Bf8 23. b6 Rc6 24. c5 a5 25. Bd7 axb4 26. Bxc6 Nxc6 27. axb4
Nxb4 28. Rc4 Nc6 29. Ra1 Rd8 30. f4 f6 31. Kf2 d3 32. Ke3 Nb4 33. Rac1 g5 34.
fxe5 fxe5 35. Kd2 Nc6 36. R1c3 Rd4 37. Rxd4 exd4 38. Rc4 Ne5 39. Rxd4 Nf3+ 40.
Kxd3 Nxd4 41. Kxd4 Kf7 42. Kd5 Ke7 43. c6 bxc6+ 44. Kxc6 Ke6 45. Kc7 Bd6+ 46.
Kd8 1/2-1/2

[Event "ODEM U25B 2013"]
[Site "Oberhof GER"]
[Date "2013.05.21"]
[Round "4"]
[White "Schluckner, Paul-Leopold"]
[Black "Finkous, Robert"]
[Result "0-1"]
[Termination "normal"]
[Board "11"]
[WhiteElo "1259"]
[BlackElo "1481"]
[PlyCount "72"]
[WhiteFideId "12952168"]
[BlackFideId "12979490"]
[EventCountry "GER"]
[EventRounds "9"]
[EventType "swiss"]
[EventDate "2013.05.18"]

1. e4 e5 2. Nf3 Nc6 3. Bc4 Bc5 4. c3 Nf6 5. d4 exd4 6. cxd4 Bb4+ 7. Nc3 Nxe4 8.
O-O Bxc3 9. d5 Bf6 10. Re1 Ne7 11. Rxe4 d6 12. Bg5 Bxg5 13. Nxg5 h6 14. Nf3 O-O
15. Qd2 Ng6 16. Rae1 Bf5 17. R4e2 Qf6 18. h3 Bxh3 19. gxh3 Qxf3 20. Re3 Qf4 21.
Qc3 Ne5 22. b3 Rfe8 23. R1e2 Kf8 24. Kg2 Nxc4 25. Rxe8+ Rxe8 26. Rxe8+ Kxe8 27.
bxc4 Qe4+ 28. Kg3 Qe5+ 29. Qxe5+ dxe5 30. Kg4 g6 31. h4 Ke7 32. h5 Kd6 33. hxg6
fxg6 34. Kf3 h5 35. Ke4 h4 36. Kf3 g5 0-1

[Event "ODEM U25B 2013"]
[Site "Oberhof GER"]
[Date "2013.05.21"]
[Round "4"]
[White "Kovac, Linda"]
[Black "Gheng, Christian"]
[Result "0-1"]
[Termination "normal"]
[Board "12"]
[WhiteElo "1250"]
[BlackElo "1696"]
[PlyCount "36"]
[WhiteFideId "12938815"]
[BlackFideId "24660345"]
[EventCountry "GER"]
[EventRounds "9"]
[EventType "swiss"]
[EventDate "2013.05.18"]

1. e4 c5 2. Nf3 d6 3. d4 cxd4 4. Nxd4 Nf6 5. Nc3 g6 6. Bc4 Bg7 7. O-O O-O 8.
Re1 Nc6 9. Nxc6 bxc6 10. Bg5 Bb7 11. e5 dxe5 12. Rxe5 Nd5 13. Bxe7 Nxc3 14.
Qxd8 Rfxd8 15. Bxd8 Bxe5 16. Re1 Rxd8 17. Rxe5 Rd1+ 18. Bf1 Ba6 0-1

[Event "ODEM U25B 2013"]
[Site "Oberhof GER"]
[Date "2013.05.21"]
[Round "4"]
[White "Grüninger, Maxim"]
[Black "Wagner, Swenja"]
[Result "1-0"]
[Termination "normal"]
[Board "13"]
[WhiteElo "1445"]
[BlackElo "1248"]
[PlyCount "45"]
[WhiteFideId "12942960"]
[BlackFideId "12900494"]
[EventCountry "GER"]
[EventRounds "9"]
[EventType "swiss"]
[EventDate "2013.05.18"]

1. e4 e5 2. Nf3 Nc6 3. d4 exd4 4. Nxd4 Qh4 5. Nc3 Bb4 6. Be2 Nf6 7. O-O Nxe4 8.
Nd5 Ba5 9. Nf5 Qd8 10. Nxg7+ Kf8 11. Bh6 Kg8 12. Qd3 Bd2 13. f4 Nf6 14. Qxd2
Nxd5 15. Qxd5 Qf6 16. Qg5 Qxg5 17. fxg5 Nd4 18. Bh5 Nxc2 19. Bxf7+ Kf8 20. Rac1
Ne3 21. Rf3 Ng4 22. Re1 Nxh6 23. gxh6 1-0

[Event "ODEM U25B 2013"]
[Site "Oberhof GER"]
[Date "2013.05.21"]
[Round "4"]
[White "Stockter, Jasper Enno"]
[Black "Frohnhäuser, Simon"]
[Result "0-1"]
[Termination "normal"]
[Board "14"]
[WhiteElo "1239"]
[BlackElo "1418"]
[PlyCount "92"]
[WhiteFideId "12957291"]
[BlackFideId "16208528"]
[EventCountry "GER"]
[EventRounds "9"]
[EventType "swiss"]
[EventDate "2013.05.18"]

1. e4 c5 2. Nf3 d6 3. d4 cxd4 4. Nxd4 Nf6 5. Nc3 a6 6. Be2 e5 7. Nf3 Be7 8. Be3
Be6 9. O-O O-O 10. Nd2 Nbd7 11. Nb3 b5 12. a3 Qc7 13. f4 Bc4 14. Bxc4 Qxc4 15.
Nd2 Qc7 16. Nf3 Ng4 17. Nd5 Qd8 18. Nxe7+ Qxe7 19. Qd3 Rac8 20. fxe5 dxe5 21.
Kh1 Nc5 22. Bxc5 Qxc5 23. Qc3 Nf2+ 24. Kg1 Nxe4+ 25. Qxc5 Rxc5 26. Rfe1 f5 27.
Rac1 Kf7 28. b4 Rd5 29. Rcd1 Rxd1 30. Rxd1 Ke6 31. Rd3 Rc8 32. Ne1 Nc3 33. Rh3
h6 34. Rg3 Ne2+ 35. Kf2 Nxg3 36. Kxg3 Rc3+ 37. Kf2 Rxa3 38. Ke2 Kd5 39. Kd2 Kc4
40. Nf3 Kd5 41. h3 Rxf3 42. gxf3 Kc4 43. c3 e4 44. Ke3 exf3 45. Kxf3 g5 46. Ke3
Kxc3 0-1

[Event "ODEM U25B 2013"]
[Site "Oberhof GER"]
[Date "2013.05.21"]
[Round "4"]
[White "Vinogradov, Anatoli"]
[Black "Schenk, Philipp"]
[Result "1-0"]
[Termination "normal"]
[Board "15"]
[WhiteElo "1410"]
[BlackElo "1213"]
[PlyCount "75"]
[WhiteFideId "12977802"]
[EventCountry "GER"]
[EventRounds "9"]
[EventType "swiss"]
[EventDate "2013.05.18"]

1. d4 d5 2. c4 dxc4 3. Nc3 Nf6 4. e3 Bf5 5. Bxc4 e6 6. Nf3 Bd6 7. O-O O-O 8.
Re1 Ne4 9. Qb3 b6 10. d5 Qf6 11. Nxe4 Bxe4 12. dxe6 fxe6 13. Bxe6+ Kh8 14. Bd5
Bxf3 15. Bxf3 Nd7 16. Qc2 Rad8 17. Be4 Ne5 18. f4 Qh4 19. g3 Qg4 20. fxe5 Bxe5
21. Qg2 Rd1 22. Bd2 Rxd2 23. Qxd2 Qxe4 24. Qg2 Qxg2+ 25. Kxg2 Bxb2 26. Rad1 h6
27. Rd7 Be5 28. Red1 Bd6 29. Rf1 Rxf1 30. Kxf1 Kh7 31. Rf7 Kg6 32. Rf3 b5 33.
Ke2 a5 34. Kd3 a4 35. e4 Be5 36. Rf5 Bd6 37. Rxb5 c5 38. Rb6 1-0

[Event "ODEM U25B 2013"]
[Site "Oberhof GER"]
[Date "2013.05.21"]
[Round "4"]
[White "Eggert, Daniela"]
[Black "Rank, Thomas"]
[Result "0-1"]
[Termination "normal"]
[Board "16"]
[WhiteElo "1241"]
[BlackElo "1407"]
[PlyCount "68"]
[WhiteFideId "12991490"]
[BlackFideId "12967351"]
[EventCountry "GER"]
[EventRounds "9"]
[EventType "swiss"]
[EventDate "2013.05.18"]

1. e4 c5 2. Nf3 Nc6 3. d4 cxd4 4. Nxd4 g6 5. b3 Bg7 6. Bb2 Nf6 7. Nc3 Qb6 8.
Nxc6 bxc6 9. Bd3 O-O 10. O-O a5 11. Re1 d6 12. Na4 Qa7 13. e5 Ng4 14. Qf3 Nxe5
15. Bxe5 Bxe5 16. Rad1 c5 17. Be4 Rb8 18. Nc3 Bb7 19. Qh3 Bxe4 20. Nxe4 Bg7 21.
Qe3 a4 22. Ng3 Rfe8 23. c4 axb3 24. axb3 Bd4 25. Qf3 Qb7 26. Rd3 Qxf3 27. Rxf3
Rb4 28. h3 Kf8 29. Ne2 Reb8 30. Rb1 Rxc4 31. Rc1 Rcb4 32. Rb1 Bf6 33. Kf1 c4
34. Ke1 Rxb3 0-1

[Event "ODEM U25B 2013"]
[Site "Oberhof GER"]
[Date "2013.05.21"]
[Round "4"]
[White "Granzin, David"]
[Black "Grünwald, Max"]
[Result "1-0"]
[Termination "normal"]
[Board "17"]
[WhiteElo "1391"]
[BlackElo "1118"]
[PlyCount "63"]
[WhiteFideId "12922145"]
[BlackFideId "12992283"]
[EventCountry "GER"]
[EventRounds "9"]
[EventType "swiss"]
[EventDate "2013.05.18"]

1. Nf3 Nc6 2. d4 d5 3. c4 e6 4. Nc3 Nf6 5. Bf4 Bb4 6. a3 Ba5 7. b4 Ne4 8. Nxe4
dxe4 9. Ne5 Qxd4 10. Nxc6 Qc3+ 11. Bd2 Bxb4 12. Nxb4 Qxc4 13. e3 Qc5 14. Rc1
Qb6 15. Qc2 c5 16. Qxc5 Qxc5 17. Rxc5 O-O 18. Be2 b6 19. Rc2 Bd7 20. O-O Rac8
21. Rxc8 Rxc8 22. Rc1 a5 23. Rxc8+ Bxc8 24. Nc6 Bd7 25. Bb5 f6 26. Ne7+ Kf7 27.
Bxd7 Kxe7 28. Bb5 Kd6 29. Kf1 Kc5 30. a4 g5 31. Bc3 f5 32. Bd4+ 1-0

[Event "ODEM U25B 2013"]
[Site "Oberhof GER"]
[Date "2013.05.21"]
[Round "4"]
[White "Lang, Thomas"]
[Black "Schramm, Anna-Lena"]
[Result "1/2-1/2"]
[Termination "normal"]
[Board "18"]
[WhiteElo "1210"]
[BlackElo "1420"]
[PlyCount "61"]
[WhiteFideId "12982520"]
[BlackFideId "12918237"]
[EventCountry "GER"]
[EventRounds "9"]
[EventType "swiss"]
[EventDate "2013.05.18"]

1. e4 e5 2. Nf3 Nc6 3. Bc4 Bc5 4. Nc3 Nf6 5. d3 O-O 6. Bg5 Be7 7. Qd2 d6 8. h4
Ng4 9. Bxe7 Qxe7 10. Nd5 Qd8 11. Qg5 Na5 12. Ne7+ Kh8 13. Nxc8 Qxc8 14. Rh3 h6
15. Qf5 Qxf5 16. exf5 Nxc4 17. dxc4 h5 18. Rg3 f6 19. Nd2 Rfe8 20. Ne4 Rad8 21.
O-O-O Rd7 22. Nc5 Rde7 23. Ne4 Rd8 24. Rgd3 Red7 25. f3 Nh6 26. Ng3 c6 27. Nxh5
Nxf5 28. g3 Kh7 29. Rh1 Kg8 30. g4 Ne7 31. g5 1/2-1/2

[Event "ODEM U25B 2013"]
[Site "Oberhof GER"]
[Date "2013.05.21"]
[Round "4"]
[White "Steiner, Maximilian"]
[Black "Walter, Daniel"]
[Result "0-1"]
[Termination "normal"]
[Board "19"]
[WhiteElo "1195"]
[BlackElo "1338"]
[PlyCount "108"]
[WhiteFideId "16202201"]
[BlackFideId "12983110"]
[EventCountry "GER"]
[EventRounds "9"]
[EventType "swiss"]
[EventDate "2013.05.18"]

1. e4 Nf6 2. e5 Nd5 3. d4 d6 4. Nf3 Bg4 5. Be2 Nc6 6. c4 Nb6 7. O-O Qd7 8. Nc3
O-O-O 9. exd6 exd6 10. Be3 Be7 11. d5 Bxf3 12. dxc6 Bxc6 13. Bxb6 axb6 14. Qb3
Qe6 15. Qd1 Rhe8 16. Re1 Qg6 17. Bf3 Bf6 18. Bxc6 bxc6 19. Qf3 Bxc3 20. Qxc3
Re6 21. Qh3 h6 22. f4 Qf6 23. Rad1 Kb7 24. Rxe6 Qxe6 25. Qxe6 fxe6 26. Kf2 c5
27. Re1 Re8 28. Re3 Kc6 29. Ke2 Kd7 30. a3 Rf8 31. g3 d5 32. Rd3 c6 33. Kd2 Rf5
34. b4 Kd6 35. Kc2 Rf8 36. Kb2 Ra8 37. bxc5+ Kxc5 38. cxd5 exd5 39. Rc3+ Kd6
40. Rb3 Rb8 41. Kc2 c5 42. Rf3 d4 43. Kd3 Kd5 44. Kd2 c4 45. Rf1 Re8 46. Rb1
Kc5 47. f5 Re3 48. Re1 Rxe1 49. Kxe1 c3 50. Kd1 d3 51. h3 Kd4 52. a4 Ke3 53. g4
c2+ 54. Kc1 Ke2 0-1

[Event "ODEM U25B 2013"]
[Site "Oberhof GER"]
[Date "2013.05.21"]
[Round "4"]
[White "Morio, Estelle"]
[Black "Reif, Richard"]
[Result "1-0"]
[Termination "normal"]
[Board "21"]
[WhiteElo "1322"]
[BlackElo "1016"]
[PlyCount "37"]
[WhiteFideId "12951951"]
[BlackFideId "12983764"]
[EventCountry "GER"]
[EventRounds "9"]
[EventType "swiss"]
[EventDate "2013.05.18"]

1. f4 d5 2. b3 Nf6 3. Bb2 Bf5 4. Nf3 c5 5. e3 e6 6. Ne5 a6 7. Be2 Bd6 8. O-O
Nbd7 9. d3 Qc7 10. Nxd7 Qxd7 11. Qe1 Bg4 12. Bxg4 Nxg4 13. Qg3 f5 14. Nd2 Rg8
15. h3 Nf6 16. Bxf6 g6 17. Nf3 Kf7 18. Be5 Bxe5 19. Nxe5+ 1-0

[Event "ODEM U25B 2013"]
[Site "Oberhof GER"]
[Date "2013.05.21"]
[Round "4"]
[White "Müdder, Melanie"]
[Black "Schrader, Alia"]
[Result "0-1"]
[Termination "normal"]
[Board "22"]
[WhiteElo "712"]
[BlackElo "1311"]
[PlyCount "74"]
[WhiteFideId "12994103"]
[BlackFideId "16270312"]
[EventCountry "GER"]
[EventRounds "9"]
[EventType "swiss"]
[EventDate "2013.05.18"]

1. e4 c5 2. c3 d5 3. exd5 Qxd5 4. d4 e6 5. Nf3 Nf6 6. Be3 Nbd7 7. Na3 Be7 8.
Bc4 Qd6 9. Nb5 Qc6 10. Bf4 O-O 11. O-O cxd4 12. Qb3 Nc5 13. Qc2 dxc3 14. Nfd4
Qe4 15. Qc1 cxb2 16. Qxb2 Qxf4 17. Rfe1 Bd7 18. a4 Rfd8 19. Red1 Bxb5 20. axb5
e5 21. Qa2 Rxd4 22. Bxf7+ Kf8 23. Rxd4 Qxd4 24. h3 a6 25. Rc1 Qa4 26. Qb1 Kxf7
27. Qf5 Qe4 28. Qxe4 Ncxe4 29. f3 Nd6 30. bxa6 bxa6 31. g4 Rc8 32. Rb1 Rc2 33.
g5 Nh5 34. h4 Ng3 35. Re1 Nde4 36. fxe4 Bc5+ 37. Re3 Bxe3# 0-1

[Event "ODEM U25B 2013"]
[Site "Oberhof GER"]
[Date "2013.05.21"]
[Round "4"]
[White "Rose, Luis Stratos"]
[Black "Eichstaedt, Ina"]
[Result "1/2-1/2"]
[Termination "normal"]
[Board "23"]
[WhiteElo "1380"]
[BlackElo "1224"]
[PlyCount "40"]
[WhiteFideId "12976008"]
[BlackFideId "1270265"]
[EventCountry "GER"]
[EventRounds "9"]
[EventType "swiss"]
[EventDate "2013.05.18"]

1. d4 f5 2. g3 d5 3. Nf3 Nf6 4. Bg2 e6 5. O-O Bd6 6. Nbd2 O-O 7. Ne5 Nbd7 8.
Ndf3 Ne4 9. e3 Qf6 10. Nd3 Qg6 11. Nh4 Qf7 12. f4 Ndf6 13. Nf3 Bd7 14. Nde5 Qe7
15. a3 a6 16. c3 Rab8 17. Qc2 Qe8 18. Nxd7 Qxd7 19. Ne5 Qe8 20. Bf3 Qe7 1/2-1/2

[Event "ODEM U25B 2013"]
[Site "Oberhof GER"]
[Date "2013.05.21"]
[Round "4"]
[White "Binner, Jule"]
[Black "Zimmer, Claudius"]
[Result "1-0"]
[Termination "normal"]
[Board "24"]
[WhiteElo "1274"]
[BlackElo "914"]
[PlyCount "85"]
[WhiteFideId "16205332"]
[EventCountry "GER"]
[EventRounds "9"]
[EventType "swiss"]
[EventDate "2013.05.18"]

1. e4 e5 2. f4 exf4 3. Nf3 Ne7 4. Bc4 d5 5. exd5 Nxd5 6. O-O Bd6 7. Re1+ Be7 8.
d4 O-O 9. c3 Be6 10. Bd3 Bg5 11. Re5 Bh6 12. Qe1 Qf6 13. Qe4 Qg6 14. Qe2 Qg4
15. Qe4 f5 16. Qe1 Bf7 17. Bxf5 Qh5 18. Bxh7+ Kxh7 19. Rxh5 Bxh5 20. Qe4+ Bg6
21. Qxd5 Nc6 22. Nbd2 Rad8 23. Qc5 a6 24. Nc4 Rf5 25. Nce5 Bh5 26. Qc4 Bxf3 27.
Nxf3 g5 28. Qe6 Rdf8 29. Qd7+ R8f7 30. Qe6 R5f6 31. Qe4+ Kg8 32. h3 Re7 33.
Qd5+ Rfe6 34. Bd2 Kf7 35. Nxg5+ Bxg5 36. Qxg5 Re2 37. Qxf4+ Ke8 38. Rf1 Kd7 39.
Qf5+ Kd8 40. Bg5 Rxb2 41. Bxe7+ Nxe7 42. Qe6 Rb6 43. Rf8# 1-0

[Event "ODEM U25B 2013"]
[Site "Oberhof GER"]
[Date "2013.05.21"]
[Round "4"]
[White "Hagenbeck-Hübert, Lara"]
[Black "Rüpke, Yannick"]
[Result "1-0"]
[Termination "normal"]
[Board "25"]
[WhiteElo "1338"]
[BlackElo "1038"]
[PlyCount "95"]
[WhiteFideId "12964484"]
[EventCountry "GER"]
[EventRounds "9"]
[EventType "swiss"]
[EventDate "2013.05.18"]

1. d4 d5 2. Nf3 e6 3. Bf4 c5 4. c3 Nf6 5. e3 a6 6. Bd3 Bd6 7. Bg3 Nc6 8. Nbd2
Qe7 9. O-O Bxg3 10. hxg3 cxd4 11. cxd4 e5 12. dxe5 Nxe5 13. Nxe5 Qxe5 14. Qb3
O-O 15. Rac1 b5 16. Rfe1 Bf5 17. Nf3 Qe6 18. Nd4 Qe5 19. Nxf5 Ne4 20. Bxe4 dxe4
21. Nd4 Qh5 22. Rc7 Rfc8 23. Rec1 Rxc7 24. Rxc7 Re8 25. g4 Qg6 26. Qd5 Qf6 27.
g5 Qg6 28. Nf5 Qh5 29. Nd6 Rf8 30. Nxf7 h6 31. Nxh6+ Kh7 32. Qxe4+ Kh8 33. f3
Rd8 34. Nf7+ Kg8 35. Nxd8 Qxg5 36. Ne6 Qg3 37. Rxg7+ Qxg7 38. Nxg7 Kxg7 39. Qe6
a5 40. Qf5 b4 41. e4 b3 42. axb3 a4 43. bxa4 Kh6 44. e5 Kg7 45. e6 Kh6 46. e7
Kg7 47. e8=Q Kh6 48. Qef8# 1-0